Cockroach: A laboratory insect and an industrial pest. V 1. (Record no. 26595)

MARC details
000 -LEADER
fixed length control field 00331nam a2200121Ia 4500
082 ## - DEWEY DECIMAL CLASSIFICATION NUMBER
Classification number 595.722
Item number COR
100 ## - MAIN ENTRY--AUTHOR NAME
Personal name CORNWELL, P B
245 #0 - TITLE STATEMENT
Title Cockroach: A laboratory insect and an industrial pest. V 1.
260 ## - PUBLICATION, DISTRIBUTION, ETC. (IMPRINT)
Place of publication London
Name of publisher Hutchinson
Year of publication 1968
650 ## - SUBJECT ADDED ENTRY--TOPICAL TERM
Topical Term Cockroaches
942 ## - ADDED ENTRY ELEMENTS (KOHA)
Koha item type Books
Holdings
Withdrawn status Lost status Damaged status Not for loan Home library Current library Date acquired Full call number Accession Number Koha item type
        RRII Library RRII Library 16/12/2021 595.722 COR 07228 Books